[Event "Czech Open GM 2019"]
[Site "Pardubice"]
[Date "2019.07.26"]
[Round "8.30"]
[White "Stevanic, David"]
[Black "Debevec, Blaz"]
[Result "1/2-1/2"]
[WhiteElo "2306"]
[BlackElo "2195"]
[Annotator "TA"]
[PlyCount "79"]
[EventDate "2019.07.19"]
[EventType "swiss"]
[EventCountry "CZE"]
[SourceTitle "playchess.com"]
[Source "ChessBase"]
[SourceQuality "1"]

1. e4 c5 2. c3 Nf6 3. e5 Nd5 4. Bc4 Nb6 5. Bb3 d5 6. exd6 Qxd6 7. Nf3 c4 8. Bc2 Qe6+ 9. Qe2 Qxe2+ 10. Kxe2 f6 11. Na3 e5 12. b3 cxb3 13. axb3 Bd7 14. d4 exd4 15. Nxd4 Nc6 16. Nab5 Nxd4+ 17. Nxd4 Bc5 18. Be4 Bxd4 19. cxd4 Bc6 20. Bxc6+ bxc6 21. Ba3 Kd7 22. Bc5 Rhb8 23. Ra3 Nd5 24. Rha1 Rb7 25. Rxa7 Rbxa7 26. Rxa7+ Rxa7 27. Bxa7 Ke6 28. g3 Nc3+ 29. Kd3 Nb5 30. Bc5 Kd5 31. Bf8 g6 32. Bc5 Nc7 33. Be7 f5 34. Bf6 Ne6 35. h3 Nc7 36. Ke3 Ne6 37. f3 Nf8 38. g4 fxg4 39. fxg4 Ne6 40. Kd3 1/2-1/2

[Event "Czech Open GM 2019"]
[Site "Pardubice"]
[Date "2019.07.26"]
[Round "8.30"]
[White "Hollan, Petr"]
[Black "Belyakov, Bogdan"]
[Result "0-1"]
[WhiteElo "2287"]
[BlackElo "2500"]
[Annotator "ChessBase"]
[PlyCount "82"]
[EventDate "2019.07.19"]
[EventType "swiss"]
[EventCountry "CZE"]
[SourceTitle "playchess.com"]
[Source "ChessBase"]
[SourceQuality "1"]

1. e4 e5 2. Nf3 Nc6 3. Bb5 Nf6 4. O-O Nxe4 5. d4 Nd6 6. Ba4 e4 7. Re1 Be7 8. Ne5 O-O 9. Bf4 Nf5 10. Rxe4 Nxe5 11. dxe5 d5 12. exd6 Nxd6 13. Re1 Bf6 14. Nc3 Be6 15. Qf3 Nc4 16. Rad1 Qe7 17. Nd5 Bxd5 18. Qxd5 Qb4 19. Re4 Qxa4 20. Qxc4 Qxc4 21. Rxc4 Rfd8 22. Rb1 c6 23. g3 Rd5 24. Be3 h5 25. a4 Be7 26. b4 f5 27. h4 Kf7 28. Kg2 a6 29. b5 axb5 30. axb5 c5 31. b6 Ke6 32. Bf4 Kd7 33. Rc3 Ra2 34. Re1 Bf6 35. Rc4 Kc6 36. Rb1 Rd4 37. Rxd4 Bxd4 38. Re1 Rxc2 39. Re6+ Kb5 40. Rg6 Rxf2+ 41. Kh3 Re2 0-1

[Event "Czech Open GM 2019"]
[Site "Pardubice"]
[Date "2019.07.26"]
[Round "8.31"]
[White "Kenneskog, Theodor"]
[Black "Braeuer, Franz"]
[Result "1/2-1/2"]
[WhiteElo "2284"]
[BlackElo "2445"]
[Annotator "NA"]
[PlyCount "42"]
[EventDate "2019.07.19"]
[EventType "swiss"]
[EventCountry "CZE"]
[SourceTitle "playchess.com"]
[Source "ChessBase"]
[SourceQuality "1"]

1. d4 Nf6 2. c4 e6 3. Nf3 d5 4. Nc3 c6 5. Bg5 Nbd7 6. cxd5 exd5 7. e3 h6 8. Bh4 g5 9. Bg3 Nh5 10. Bd3 Nxg3 11. hxg3 Bg7 12. O-O Nb6 13. b4 Be6 14. b5 c5 15. dxc5 Bxc3 16. Rc1 Bg7 17. cxb6 Qxb6 18. Qd2 O-O 19. a4 Rfc8 20. Nd4 Rxc1 21. Rxc1 Rc8 1/2-1/2

[Event "Czech Open GM 2019"]
[Site "Pardubice"]
[Date "2019.07.26"]
[Round "8.31"]
[White "Ristoja, Samu"]
[Black "Karsay, Pascal"]
[Result "0-1"]
[WhiteElo "2190"]
[BlackElo "2304"]
[Annotator "NA"]
[PlyCount "130"]
[EventDate "2019.07.19"]
[EventType "swiss"]
[EventCountry "CZE"]
[SourceTitle "playchess.com"]
[Source "ChessBase"]
[SourceQuality "1"]

1. e4 c5 2. Nf3 d6 3. Bb5+ Nd7 4. O-O Ngf6 5. Re1 a6 6. Bf1 b6 7. d4 cxd4 8. Nxd4 e6 9. c4 Bb7 10. Nc3 Be7 11. f3 Rc8 12. Be3 O-O 13. Rc1 Ne5 14. b3 Re8 15. Bf2 Bf8 16. f4 Neg4 17. Bh4 e5 18. Nf5 b5 19. Qf3 Qb6+ 20. Kh1 g6 21. h3 gxf5 22. fxe5 Rxe5 23. hxg4 Nxg4 24. Qg3 h5 25. Nd5 Bxd5 26. exd5 Bh6 27. Rxe5 dxe5 28. Rd1 Bf4 29. Qd3 e4 30. Qd4 Qxd4 31. Rxd4 Be3 32. Rd1 Bf2 33. Be7 Bg3 34. Kg1 Bh2+ 35. Kh1 Bc7 36. Rc1 Bd8 37. Bxd8 Rxd8 38. c5 Rxd5 39. c6 Rd8 40. c7 Rc8 41. a4 Nf2+ 42. Kh2 Nd3 43. axb5 axb5 44. Rc3 b4 45. Rc2 Kg7 46. Rc6 f6 47. g3 Kg6 48. Be2 Kg5 49. Rc4 f4 50. Rxe4 fxg3+ 51. Kxg3 Ne5 52. Rxb4 Rxc7 53. Rb8 Rc3+ 54. Kf2 h4 55. b4 f5 56. b5 Rb3 57. Rh8 h3 58. b6 Ng4+ 59. Bxg4 fxg4 60. Rg8+ Kf5 61. Rf8+ Ke6 62. Rg8 h2 63. Kg2 g3 64. b7 Rb2+ 65. Kh1 Rb1+ 0-1

[Event "Czech Open GM 2019"]
[Site "Pardubice"]
[Date "2019.07.26"]
[Round "8.32"]
[White "Salimova, Nurgyul"]
[Black "Vyskocil, Neklan"]
[Result "1-0"]
[WhiteElo "2416"]
[BlackElo "2304"]
[Annotator "TA"]
[PlyCount "79"]
[EventDate "2019.07.19"]
[EventType "swiss"]
[EventCountry "CZE"]
[SourceTitle "playchess.com"]
[Source "ChessBase"]
[SourceQuality "1"]

1. e4 c5 2. Nf3 Nc6 3. d4 cxd4 4. Nxd4 Nf6 5. Nc3 e5 6. Ndb5 d6 7. Nd5 Nxd5 8. exd5 Ne7 9. c4 Ng6 10. Qa4 Bd7 11. Qb4 Qb8 12. Be3 a6 13. Nc3 f5 14. f3 Be7 15. O-O-O O-O 16. Bd3 Qc7 17. Bb6 Qb8 18. Rhe1 Bd8 19. Bxd8 Rxd8 20. g3 Qc7 21. Kb1 Rac8 22. h4 Rf8 23. h5 Nh8 24. f4 Nf7 25. h6 g6 26. Ka1 exf4 27. gxf4 Nxh6 28. Ne2 Ng4 29. Rc1 Rfe8 30. Nd4 Rxe1 31. Qxe1 Re8 32. Qd2 Bc8 33. c5 dxc5 34. d6 Qxd6 35. Nxf5 Qf6 36. Bc4+ Kh8 37. Nd6 Rf8 38. Nxc8 Rxc8 39. Qd7 Qf5 40. Be6 1-0

[Event "Czech Open GM 2019"]
[Site "Pardubice"]
[Date "2019.07.26"]
[Round "8.32"]
[White "Smirnova, Ekaterina"]
[Black "Myshakov, Fyodor"]
[Result "1/2-1/2"]
[WhiteElo "2184"]
[BlackElo "2295"]
[Annotator "NA"]
[PlyCount "118"]
[EventDate "2019.07.19"]
[EventType "swiss"]
[EventCountry "CZE"]
[SourceTitle "playchess.com"]
[Source "ChessBase"]
[SourceQuality "1"]

1. d4 d5 2. c4 dxc4 3. e3 e6 4. Bxc4 c5 5. Nf3 Nf6 6. O-O a6 7. Bb3 b5 8. a4 Bb7 9. axb5 axb5 10. Rxa8 Bxa8 11. Qe2 Qb6 12. dxc5 Bxc5 13. Nc3 Bxf3 14. Qxf3 O-O 15. Qe2 b4 16. Na4 Qa7 17. Nxc5 Qxc5 18. Bd2 Ne4 19. Rc1 Qb6 20. Be1 Nc5 21. Ba2 Nbd7 22. Qc4 Rb8 23. h3 Qb5 24. Qxb5 Rxb5 25. Bc4 Rb8 26. f4 h5 27. Kf1 Ne4 28. Be2 Ndf6 29. Rc4 b3 30. g4 hxg4 31. hxg4 Nd6 32. Rb4 Rxb4 33. Bxb4 Nde4 34. Bf3 Nd5 35. Bxe4 Nxb4 36. Ke2 Na6 37. Kd2 Nc5 38. Bc6 Kf8 39. Kc3 Ke7 40. Kc4 Kd6 41. Bf3 f6 42. Bd1 Ne4 43. Kxb3 Kc5 44. Ka4 Nd6 45. Be2 g5 46. b4+ Kb6 47. Kb3 e5 48. fxe5 fxe5 49. Kc3 Kc6 50. Bd3 Kb6 51. Kb3 Kc6 52. Ka4 Kb6 53. b5 Ne8 54. Bf5 Nd6 55. Bd7 Nc4 56. e4 Kc5 57. Bc6 Ne3 58. Bd7 Nc4 59. Bc6 Ne3 1/2-1/2

[Event "Czech Open GM 2019"]
[Site "Pardubice"]
[Date "2019.07.26"]
[Round "8.33"]
[White "Ratsma, Midas"]
[Black "Budrewicz, Krzysztof"]
[Result "0-1"]
[WhiteElo "2295"]
[BlackElo "2188"]
[Annotator "NA"]
[PlyCount "84"]
[EventDate "2019.07.19"]
[EventType "swiss"]
[EventCountry "CZE"]
[SourceTitle "playchess.com"]
[Source "ChessBase"]
[SourceQuality "1"]

1. e4 c5 2. Nf3 e6 3. d4 cxd4 4. Nxd4 Nf6 5. Nc3 d6 6. g4 h6 7. h4 Nc6 8. Rg1 d5 9. exd5 Nxd5 10. Nxd5 exd5 11. Be3 Qxh4 12. Qe2 Nxd4 13. Bxd4+ Qe7 14. Qxe7+ Kxe7 15. O-O-O h5 16. Bc5+ Kf6 17. Rxd5 Bxc5 18. g5+ Ke7 19. Rxc5 Kd6 20. Rc3 Bf5 21. Bg2 Rhc8 22. Rd1+ Ke7 23. Re1+ Kf8 24. Bxb7 Rxc3 25. bxc3 Rb8 26. Bf3 g6 27. c4 h4 28. c5 Rb4 29. c6 Rc4 30. Re2 Rc5 31. Bh1 h3 32. Kd1 Be6 33. a4 Rxg5 34. Kd2 Ke7 35. c4 Kd6 36. f4 Rc5 37. Ke3 Rxc4 38. Rd2+ Kc7 39. a5 Ra4 40. Rb2 Rxa5 41. Rb7+ Kd6 42. Kf2 Ra1 0-1

[Event "Czech Open GM 2019"]
[Site "Pardubice"]
[Date "2019.07.26"]
[Round "8.33"]
[White "Szustakowski, Antoni"]
[Black "Lalic, Bogdan"]
[Result "0-1"]
[WhiteElo "2279"]
[BlackElo "2411"]
[Annotator "NA RC"]
[PlyCount "78"]
[EventDate "2019.07.19"]
[EventType "swiss"]
[EventCountry "CZE"]
[SourceTitle "playchess.com"]
[Source "ChessBase"]
[SourceQuality "1"]

1. d4 Nf6 2. c4 e6 3. Nf3 b6 4. g3 Bb7 5. Bg2 Bb4+ 6. Bd2 c5 7. Bxb4 cxb4 8. O-O O-O 9. Nbd2 d6 10. Qc2 Re8 11. Rfd1 Qc7 12. e4 e5 13. d5 a5 14. Nh4 Na6 15. Nf5 g6 16. Ne3 Bc8 17. Kh1 Ng4 18. Nxg4 Bxg4 19. f3 Bd7 20. f4 Nc5 21. Rf1 f5 22. Rae1 exf4 23. gxf4 Rac8 24. b3 b5 25. Bh3 bxc4 26. bxc4 Nxe4 27. Nxe4 Rxe4 28. Rxe4 fxe4 29. Bxd7 Qxd7 30. f5 Rf8 31. f6 Qh3 32. Qf2 Qf3+ 33. Qxf3 exf3 34. Rxf3 Kf7 35. Re3 Re8 36. Rh3 h5 37. a3 Rb8 38. Rb3 Kxf6 39. Kg2 Ke5 0-1

[Event "Czech Open GM 2019"]
[Site "Pardubice"]
[Date "2019.07.26"]
[Round "8.34"]
[White "Siddharth, Jagadeesh"]
[Black "Godzwon, Iwo"]
[Result "1-0"]
[WhiteElo "2410"]
[BlackElo "2285"]
[Annotator "NA"]
[PlyCount "37"]
[EventDate "2019.07.19"]
[EventType "swiss"]
[EventCountry "CZE"]
[SourceTitle "playchess.com"]
[Source "ChessBase"]
[SourceQuality "1"]

1. d4 Nf6 2. c4 e6 3. g3 c5 4. Nf3 cxd4 5. Nxd4 d5 6. Bg2 e5 7. Nf3 d4 8. O-O Nc6 9. e3 Be7 10. exd4 exd4 11. Bf4 O-O 12. Re1 Be6 13. Nbd2 Nd7 14. Nb3 Bxc4 15. Nfxd4 Ndb8 16. Bxb8 Bxb3 17. Nxc6 Bxd1 18. Nxd8 Rxd8 19. Bf4 1-0

[Event "Czech Open GM 2019"]
[Site "Pardubice"]
[Date "2019.07.26"]
[Round "8.34"]
[White "Frolov, Aleksey G."]
[Black "Kushko, Dmitriy"]
[Result "0-1"]
[WhiteElo "2174"]
[BlackElo "2281"]
[Annotator "NA"]
[PlyCount "132"]
[EventDate "2019.07.19"]
[EventType "swiss"]
[EventCountry "CZE"]
[SourceTitle "playchess.com"]
[Source "ChessBase"]
[SourceQuality "1"]

1. e4 e6 2. d4 d5 3. Nc3 Bb4 4. e5 c5 5. a3 Bxc3+ 6. bxc3 Qa5 7. Bd2 Qa4 8. Qb1 c4 9. g3 Nc6 10. Bh3 Bd7 11. Ne2 O-O-O 12. O-O f6 13. Nf4 f5 14. g4 g6 15. gxf5 gxf5 16. Kh1 Nge7 17. Qb2 Rdg8 18. Nh5 Be8 19. Nf6 Rg6 20. Rg1 Bf7 21. Rae1 Qa5 22. Qc1 Ng8 23. Rxg6 Bxg6 24. Nxg8 Rxg8 25. Rg1 Qd8 26. Bg5 Qe8 27. Rg3 Bh5 28. Bg2 Kb8 29. Bh4 Rxg3 30. hxg3 a6 31. Qh6 Bg6 32. Qg7 Qf7 33. Qh8+ Qe8 34. Qg7 Qf7 35. Qh8+ Kc7 36. f4 Bh5 37. Qf6 Qxf6 38. Bxf6 Kd7 39. Kg1 Na7 40. a4 b5 41. a5 Nc6 42. Kf2 Bd1 43. Ke3 Bxc2 44. Bf3 Nxa5 45. g4 fxg4 46. Bxg4 Nb3 47. Bg7 Ke7 48. Bf6+ Kf7 49. Bd8 a5 50. Bc7 Ke7 51. Bf3 Kd7 52. Bd6 Bg6 53. Bd1 h5 54. f5 Bxf5 55. Bxh5 Nc1 56. Bd1 Kc6 57. Kd2 Na2 58. Bc2 Bxc2 59. Kxc2 b4 60. cxb4 axb4 61. Kb2 b3 62. Be7 Kb5 63. Ka3 Nc3 64. Bg5 Ne2 65. Be3 Kc6 66. Kb2 Kd7 0-1

[Event "Czech Open GM 2019"]
[Site "Pardubice"]
[Date "2019.07.26"]
[Round "8.35"]
[White "Potapov, Alexander"]
[Black "Pacan-Milej, Kosma"]
[Result "1-0"]
[WhiteElo "2409"]
[BlackElo "2272"]
[Annotator "TA"]
[PlyCount "97"]
[EventDate "2019.07.19"]
[EventType "swiss"]
[EventCountry "CZE"]
[SourceTitle "playchess.com"]
[Source "ChessBase"]
[SourceQuality "1"]

1. d4 Nf6 2. c4 c5 3. d5 b5 4. cxb5 a6 5. bxa6 g6 6. g3 d6 7. Bg2 Bg7 8. Nh3 O-O 9. Nf4 Nbd7 10. h4 Bxa6 11. Bd2 Nb6 12. Bc3 Bb7 13. a4 Qd7 14. a5 Nc4 15. Nd2 Nxd2 16. Qxd2 e5 17. dxe6 fxe6 18. f3 Rfe8 19. Bh3 Rad8 20. O-O Qf7 21. e4 d5 22. exd5 exd5 23. a6 Bc8 24. Bxc8 Rxc8 25. Bxf6 Bxf6 26. Qxd5 Bxb2 27. Rab1 Bd4+ 28. Kh1 Rcd8 29. Qxf7+ Kxf7 30. Rb7+ Re7 31. Re1 Rxb7 32. axb7 Rb8 33. Ne6 Kf6 34. Nxd4 cxd4 35. Rb1 d3 36. Kg2 Ke5 37. Kf2 Kd4 38. Ke1 Ke3 39. Rb3 Kxf3 40. Rxd3+ Kg4 41. Rb3 h6 42. Kf2 g5 43. hxg5 hxg5 44. Kg2 Kf5 45. Rb5+ Kg4 46. Rb4+ Kf5 47. Kf3 g4+ 48. Ke3 Ke5 49. Rb5+ 1-0

[Event "Czech Open GM 2019"]
[Site "Pardubice"]
[Date "2019.07.26"]
[Round "8.35"]
[White "Wilschut, Peter"]
[Black "Zhuravlev, Stepan"]
[Result "0-1"]
[WhiteElo "2279"]
[BlackElo "2182"]
[Annotator "NA"]
[PlyCount "47"]
[EventDate "2019.07.19"]
[EventType "swiss"]
[EventCountry "CZE"]
[SourceTitle "playchess.com"]
[Source "ChessBase"]
[SourceQuality "1"]

1. c4 e6 2. e4 d5 3. exd5 exd5 4. d4 c6 5. Nc3 Be6 6. cxd5 cxd5 7. Nf3 Nc6 8. Bb5 Bd6 9. Ng5 Qf6 10. O-O Nge7 11. Nxe6 fxe6 12. Qg4 O-O 13. Bg5 Qg6 14. h4 Rf4 15. Qh3 Rxd4 16. Rae1 Nf5 17. Bd3 a6 18. g4 Rxd3 19. Qxd3 Nxh4 20. Qxg6 Nf3+ 21. Kh1 hxg6 22. Rxe6 Be5 23. Nxd5 Nxg5 24. Rxe5 0-1

[Event "Czech Open GM 2019"]
[Site "Pardubice"]
[Date "2019.07.26"]
[Round "8.36"]
[White "Caletka, Radomir"]
[Black "Koykka, Pekka"]
[Result "1/2-1/2"]
[WhiteElo "2286"]
[BlackElo "2402"]
[Annotator "NA"]
[PlyCount "43"]
[EventDate "2019.07.19"]
[EventType "swiss"]
[EventCountry "CZE"]
[SourceTitle "playchess.com"]
[Source "ChessBase"]
[SourceQuality "1"]

1. d4 f5 2. Nc3 Nf6 3. Bg5 d5 4. f3 c5 5. e4 cxd4 6. Qxd4 Nc6 7. Bb5 dxe4 8. Qxd8+ Kxd8 9. fxe4 fxe4 10. Nge2 h6 11. O-O-O+ Bd7 12. Be3 e5 13. h3 Bb4 14. a3 Bxc3 15. Nxc3 Kc7 16. Bc4 Nd4 17. Bxd4 exd4 18. Rxd4 Bc6 19. Bb5 Rad8 20. Rxd8 Rxd8 21. Bxc6 Kxc6 22. Re1 1/2-1/2

[Event "Czech Open GM 2019"]
[Site "Pardubice"]
[Date "2019.07.26"]
[Round "8.36"]
[White "Daniel, Damian"]
[Black "Zeman, Matyas"]
[Result "1/2-1/2"]
[WhiteElo "2166"]
[BlackElo "2275"]
[Annotator "NA"]
[PlyCount "29"]
[EventDate "2019.07.19"]
[EventType "swiss"]
[EventCountry "CZE"]
[SourceTitle "playchess.com"]
[Source "ChessBase"]
[SourceQuality "1"]

1. d4 e6 2. Nf3 f5 3. g3 Nf6 4. Bg2 Be7 5. O-O O-O 6. b3 d5 7. Ba3 Bxa3 8. Nxa3 Qe7 9. Qc1 c6 10. c4 Nbd7 11. Qb2 b6 12. Rac1 Bb7 13. e3 Rac8 14. Rc2 Ne4 15. Nb1 1/2-1/2

[Event "Czech Open GM 2019"]
[Site "Pardubice"]
[Date "2019.07.26"]
[Round "8.37"]
[White "Barua, Dibyendu"]
[Black "Meleshko, Volodymyr"]
[Result "1/2-1/2"]
[WhiteElo "2393"]
[BlackElo "2270"]
[Annotator "NA"]
[PlyCount "78"]
[EventDate "2019.07.19"]
[EventType "swiss"]
[EventCountry "CZE"]
[SourceTitle "playchess.com"]
[Source "ChessBase"]
[SourceQuality "1"]

1. e4 c5 2. Nf3 a6 3. d4 cxd4 4. Nxd4 Nf6 5. Nc3 e5 6. Nf3 Bb4 7. Bd2 d6 8. Bd3 Bg4 9. a3 Bxc3 10. Bxc3 O-O 11. O-O Nbd7 12. Re1 Re8 13. h3 Bh5 14. g4 Bg6 15. Nd2 Nc5 16. Qf3 Qc7 17. Bb4 Red8 18. c4 Nxd3 19. Qxd3 d5 20. cxd5 Nxd5 21. Qc4 Qxc4 22. Nxc4 Nxb4 23. axb4 Rd4 24. Nxe5 Bxe4 25. f3 Bc2 26. Rac1 Bb3 27. b5 axb5 28. Rc7 Bd5 29. Rd7 f6 30. Nf7 Rd3 31. Nd8 h5 32. Re8+ Kh7 33. Ree7 Rd2 34. Rxg7+ Kh8 35. Rh7+ Kg8 36. Rhg7+ Kf8 37. Rgf7+ Kg8 38. Rg7+ Kf8 39. Rgf7+ Kg8 1/2-1/2

[Event "Czech Open GM 2019"]
[Site "Pardubice"]
[Date "2019.07.26"]
[Round "8.37"]
[White "Dzikowski, Michal"]
[Black "Maetzkow, Maximilian Paul"]
[Result "1/2-1/2"]
[WhiteElo "2109"]
[BlackElo "2274"]
[Annotator "NA"]
[PlyCount "41"]
[EventDate "2019.07.19"]
[EventType "swiss"]
[EventCountry "CZE"]
[SourceTitle "playchess.com"]
[Source "ChessBase"]
[SourceQuality "1"]

1. d4 Nf6 2. c4 e6 3. g3 Be7 4. Bg2 d5 5. Nf3 O-O 6. O-O c6 7. Qc2 b6 8. Rd1 Nbd7 9. Nbd2 Bb7 10. e4 dxe4 11. Nxe4 Nxe4 12. Qxe4 Rc8 13. b3 Ba8 14. Bb2 Qc7 15. Qe2 Rfd8 16. Rac1 Bf6 17. Ne5 Nxe5 18. dxe5 Be7 19. Rxd8+ Rxd8 20. Rd1 c5 21. Rxd8+ 1/2-1/2

[Event "Czech Open GM 2019"]
[Site "Pardubice"]
[Date "2019.07.26"]
[Round "8.38"]
[White "Gibicar, Danijel"]
[Black "De Rover, Yong Hoon"]
[Result "0-1"]
[WhiteElo "2273"]
[BlackElo "2391"]
[Annotator "TA"]
[PlyCount "130"]
[EventDate "2019.07.19"]
[EventType "swiss"]
[EventCountry "CZE"]
[SourceTitle "playchess.com"]
[Source "ChessBase"]
[SourceQuality "1"]

1. e4 c5 2. Nf3 d6 3. d4 cxd4 4. Nxd4 Nf6 5. Nc3 a6 6. Be3 e5 7. Nb3 Be6 8. h3 Be7 9. f4 exf4 10. Bxf4 Nc6 11. Qe2 Nd7 12. O-O-O Nce5 13. g4 Rc8 14. Qe3 Ng6 15. Kb1 Nxf4 16. Qxf4 Rxc3 17. bxc3 Qc7 18. Qg3 Bf6 19. c4 Be5 20. Qe1 Bxc4 21. Qa5 b6 22. Qb4 b5 23. Qa5 Qb7 24. Qb4 Qc7 25. Qa5 Nb6 26. Bxc4 bxc4 27. Nd4 O-O 28. c3 Qb7 29. Ka1 Nd7 30. Qa4 Nf6 31. Qxc4 Rc8 32. Rb1 Qa8 33. Qd3 Nxe4 34. Rhc1 g6 35. Rb6 Qd5 36. Rb4 a5 37. Rb5 Rxc3 38. Qxc3 Nxc3 39. Rxd5 Nxd5 40. Rc4 Ne3 41. Ra4 Bxd4+ 42. Kb1 Bb6 43. Kc1 d5 44. Ra3 d4 45. Rb3 Bc5 46. Kd2 Bb4+ 47. Kd3 Bc3 48. g5 Kg7 49. Rb7 Nd5 50. Ke4 Nb4 51. a3 Nc2 52. Kd3 Ne3 53. Ke4 Nf5 54. Rd7 h6 55. gxh6+ Nxh6 56. Rd6 Nf5 57. Ra6 Ng3+ 58. Kf3 Nh5 59. Rd6 f5 60. Rc6 Nf6 61. Rc7+ Kh6 62. Rc6 Ne4 63. Ke2 Kh5 64. Rc8 Kg5 65. Rc6 Nd2 0-1

[Event "Czech Open GM 2019"]
[Site "Pardubice"]
[Date "2019.07.26"]
[Round "8.38"]
[White "Balazs, Balint"]
[Black "Groetzbach, Julian"]
[Result "0-1"]
[WhiteElo "2100"]
[BlackElo "2269"]
[Annotator "NA"]
[PlyCount "74"]
[EventDate "2019.07.19"]
[EventType "swiss"]
[EventCountry "CZE"]
[SourceTitle "playchess.com"]
[Source "ChessBase"]
[SourceQuality "1"]

1. d4 d5 2. g3 Nf6 3. Bg2 e6 4. Nf3 c5 5. O-O cxd4 6. Nxd4 e5 7. Nb3 Be6 8. f4 exf4 9. Bxf4 Nc6 10. Nc3 Qb6+ 11. Kh1 d4 12. Ne4 Nxe4 13. Bxe4 O-O-O 14. e3 dxe3 15. Qf3 Bd6 16. Bxe3 Qc7 17. Nd4 Nxd4 18. Bxd4 Rhe8 19. Rfe1 Kb8 20. c3 g6 21. Qf2 b6 22. b4 Bc8 23. Kg1 Rxe4 24. Rxe4 Bb7 25. Re2 Qc6 26. Qg2 Qxg2+ 27. Rxg2 Bxg2 28. Kxg2 Bxb4 29. Rf1 f5 30. Bxb6 Rd2+ 31. Rf2 Bxc3 32. Be3 Rd7 33. Kf3 Kb7 34. Rc2 Bf6 35. g4 fxg4+ 36. Kxg4 Rd3 37. Bf4 h5# 0-1

[Event "Czech Open GM 2019"]
[Site "Pardubice"]
[Date "2019.07.26"]
[Round "8.39"]
[White "Krak, Tomas"]
[Black "Bronstein, Or"]
[Result "0-1"]
[WhiteElo "2274"]
[BlackElo "2378"]
[Annotator "TA"]
[PlyCount "116"]
[EventDate "2019.07.19"]
[EventType "swiss"]
[EventCountry "CZE"]
[SourceTitle "playchess.com"]
[Source "ChessBase"]
[SourceQuality "1"]

1. e4 c5 2. Nf3 d6 3. Bb5+ Nd7 4. c3 Ngf6 5. Qe2 a6 6. Ba4 e5 7. O-O Be7 8. d4 b5 9. Bc2 O-O 10. Rd1 Qc7 11. d5 Rb8 12. b3 Re8 13. Nbd2 Nh5 14. g3 g6 15. Nf1 Nb6 16. Ne3 Bd7 17. a4 Bf6 18. axb5 axb5 19. Bd2 Qd8 20. c4 b4 21. Ra6 Bg7 22. Ne1 Rf8 23. Nf5 gxf5 24. Qxh5 fxe4 25. Bxe4 f5 26. Bc2 Rb7 27. Nf3 Qe8 28. Qxe8 Rxe8 29. Ng5 e4 30. Bf4 Bf6 31. Nh3 Bd4 32. Re1 Bc3 33. Re2 Nxd5 34. Bxd6 Bd4 35. Bf4 Nc3 36. Re1 Re6 37. Ra8+ Re8 38. Ra5 Bc6 39. Be3 Rd7 40. Bc1 Ra8 41. Rxa8+ Bxa8 42. Bb2 Ra7 43. Ra1 Rxa1+ 44. Bxa1 Ne2+ 45. Kf1 Nxg3+ 46. hxg3 Bxa1 47. Ng5 h6 48. Ne6 Bd4 49. Nc7 Bc6 50. Nd5 Kf7 51. f3 exf3 52. Bxf5 Kg7 53. Bg4 f2 54. Bf5 Be8 55. Nf4 Kf6 56. Bh3 Bc6 57. Nd5+ Bxd5 58. cxd5 c4 0-1

[Event "Czech Open GM 2019"]
[Site "Pardubice"]
[Date "2019.07.26"]
[Round "8.39"]
[White "Nguyen, Alex Dac-Vuong"]
[Black "Niedbala, Bartlomiej"]
[Result "1/2-1/2"]
[WhiteElo "2267"]
[BlackElo "2152"]
[Annotator "NA"]
[PlyCount "91"]
[EventDate "2019.07.19"]
[EventType "swiss"]
[EventCountry "CZE"]
[SourceTitle "playchess.com"]
[Source "ChessBase"]
[SourceQuality "1"]

1. e4 g6 2. d4 Bg7 3. Nf3 d6 4. Bc4 Nf6 5. Qe2 O-O 6. e5 Ne8 7. h3 c5 8. dxc5 dxe5 9. Nxe5 Qd4 10. Nf3 Qxc5 11. O-O Nd6 12. Bb3 Nc6 13. Rd1 Nf5 14. c3 Na5 15. Bd5 e6 16. b4 Qc7 17. Be4 Nc4 18. Bd3 Nb6 19. a3 e5 20. Nbd2 Nd6 21. Rb1 Nd5 22. Ne4 Nxe4 23. Bxe4 Nxc3 24. Qc2 f5 25. Rb3 Nb5 26. Bd5+ Kh8 27. Qe2 Bd7 28. Bb2 Rae8 29. Rbd3 Nd4 30. Nxd4 exd4 31. Qf3 Ba4 32. Rc1 Qxc1+ 33. Bxc1 Re1+ 34. Kh2 Rxc1 35. Qf4 Re1 36. g3 Bc2 37. Rxd4 Be4 38. Bxe4 fxe4 39. Qd2 Bxd4 40. Qxd4+ Kg8 41. Qc4+ Rf7 42. Qc8+ Rf8 43. Qc4+ Rf7 44. Qc8+ Rf8 45. Qc4+ Rf7 46. Qc8+ 1/2-1/2

[Event "Czech Open GM 2019"]
[Site "Pardubice"]
[Date "2019.07.26"]
[Round "8.40"]
[White "Jablonicky, Martin"]
[Black "Smid, Miroslav"]
[Result "1/2-1/2"]
[WhiteElo "2378"]
[BlackElo "2251"]
[Annotator "NA"]
[PlyCount "93"]
[EventDate "2019.07.19"]
[EventType "swiss"]
[EventCountry "CZE"]
[SourceTitle "playchess.com"]
[Source "ChessBase"]
[SourceQuality "1"]

1. d4 d5 2. c4 e6 3. Nc3 Nf6 4. cxd5 exd5 5. Bg5 Be7 6. e3 c6 7. Bd3 O-O 8. Qc2 Nbd7 9. Nge2 Re8 10. O-O Nf8 11. Rab1 a5 12. a3 Nh5 13. Bxe7 Qxe7 14. Na4 Bg4 15. b4 axb4 16. axb4 Ng6 17. Nb6 Rad8 18. b5 Rd6 19. bxc6 bxc6 20. Ng3 Nxg3 21. hxg3 h5 22. Qc5 Qf6 23. f3 Bd7 24. Nxd7 Rxd7 25. Bxg6 Qxg6 26. Kf2 Rde7 27. Rb3 Re6 28. Qc1 Qg5 29. f4 Qf5 30. Qb1 Qg4 31. Qd1 Qf5 32. Rh1 g6 33. Qb1 Qf6 34. Qd1 Qf5 35. Rh4 Qf6 36. Qf3 Qf5 37. Qd1 Qf6 38. Rh1 Qe7 39. Qd2 Qf6 40. Qd1 Qf5 41. Re1 Kg7 42. Qb1 Qg4 43. Rh1 Re4 44. Qc1 R4e6 45. Qb1 Re4 46. Qc1 R4e6 47. Qb1 1/2-1/2

[Event "Czech Open GM 2019"]
[Site "Pardubice"]
[Date "2019.07.26"]
[Round "8.40"]
[White "Gazik, Igor"]
[Black "Jezbera, Jiri"]
[Result "1-0"]
[WhiteElo "2258"]
[BlackElo "2133"]
[Annotator "NA"]
[PlyCount "79"]
[EventDate "2019.07.19"]
[EventType "swiss"]
[EventCountry "CZE"]
[SourceTitle "playchess.com"]
[Source "ChessBase"]
[SourceQuality "1"]

1. e4 c5 2. Nf3 e6 3. d4 cxd4 4. Nxd4 Nf6 5. Nc3 Bb4 6. e5 Ne4 7. Qg4 Nxc3 8. Qxg7 Rf8 9. a3 Nb5+ 10. axb4 Nxd4 11. Bg5 Qb6 12. Bh6 Qxb4+ 13. c3 Nf5 14. cxb4 Nxg7 15. Bxg7 Rg8 16. Bf6 Nc6 17. b5 Nb4 18. Ra4 Nd5 19. Bh4 d6 20. exd6 Bd7 21. Be2 a6 22. Kd2 Rc8 23. Rc1 Rxc1 24. Kxc1 f5 25. Bg3 Kf7 26. Rh4 axb5 27. Rxh7+ Rg7 28. Rxg7+ Kxg7 29. Be5+ Kg6 30. Kd2 Nb6 31. b3 Bc6 32. g3 Nd7 33. f4 Nc5 34. Kc3 Na6 35. Kd4 b6 36. Bf3 Nb4 37. Bxc6 Nxc6+ 38. Kc3 Kf7 39. h4 Kg6 40. d7 1-0